00659nam a2200241 a 4500001001300000003000900013005001700022008004100039020001000080082001700090100002100107245001900128260003200147300000900179500003500188505001000223650001600233700002100249902000800270942000700278952011700285999001500402nice12345678IN_TiNIC20260116011822.0050524s1942 luca grp 000 0 urd  ac10000a297.82bRIZ1 aRizvi, S M Akbar aHusaini Duniya aLucknowbNizami Pressc1942 a237p aincludes index and biblioraphy2 aIndex aHusain-Imam1 aRizvi, S M Akbar bSRS cBK 001040708StackRoom-aHMIbHMId2007-06-28g100.00l0o297.82 RIZ1p07744r2007-06-28v100.00w2005-05-24yBK c4194d4194